000 00673nam a22001937a 4500
005 20251108164344.0
008 250721s1988 xx 000 0 ara d
082 1 4 _a410.7/محم
100 1 _aالمصري، محمد عبد الغني
245 1 0 _aاللغة العربية :
_bثقافة عامة وفق منهاج وزارة التعليم العالي لكليات المجتمع /
264 1 _aعمان :
_bدار المستقبل،
_c1988.
300 _a592ص
650 1 7 _aاللغة العربية
650 1 7 _aالتعلم
650 1 7 _aالتربية
700 1 _aالبرازي، مجد محمد الباكير
942 _2ddc
_cBK
999 _c10141
_d10141